Poems from urdu (Record no. 343)
| 000 -LEADER | |
|---|---|
| fixed length control field | 00543nam a2200181Ia 4500 |
| 003 - CONTROL NUMBER IDENTIFIER | |
| control field | LDD |
| 008 - FIXED-LENGTH DATA ELEMENTS--GENERAL INFORMATION | |
| fixed length control field | 181101s9999 xx 000 0 und d |
| 020 ## - INTERNATIONAL STANDARD BOOK NUMBER | |
| International Standard Book Number | 9789382775157 |
| Terms of availability | 223.00 |
| 040 ## - CATALOGING SOURCE | |
| Transcribing agency | LDD |
| 100 ## - MAIN ENTRY--PERSONAL NAME | |
| Personal name | Zakir, Mohammed |
| 245 #0 - TITLE STATEMENT | |
| Title | Poems from urdu |
| Remainder of title | in translation with transcription and the original |
| Statement of responsibility, etc. | Mohammed Zakir |
| 260 ## - PUBLICATION, DISTRIBUTION, ETC. | |
| Place of publication, distribution, etc. | Delhi |
| Name of publisher, distributor, etc. | Dilli Kitab Ghar |
| Date of publication, distribution, etc. | 2015 |
| 300 ## - PHYSICAL DESCRIPTION | |
| Extent | 428p. |
| 901 ## - LOCAL DATA ELEMENT A, LDA (RLIN) | |
| a | 15921 |
| b | 17-03-2017 |
| 902 ## - LOCAL DATA ELEMENT B, LDB (RLIN) | |
| a | 2841 |
| b | 17-03-2017 |
| c | F |
| d | PIBD |
| e | 8U |
| 903 ## - LOCAL DATA ELEMENT C, LDC (RLIN) | |
| a | 20 |
| b | Reqst by : Mohd. Akbar |
| 942 ## - ADDED ENTRY ELEMENTS (KOHA) | |
| Source of classification or shelving scheme | Dewey Decimal Classification |
| Koha item type | Urdu Books |
| Withdrawn status | Lost status | Source of classification or shelving scheme | Damaged status | Not for loan | Home library | Current library | Cost, normal purchase price | Total Checkouts | Full call number | Barcode | Date last seen | Cost, replacement price | Price effective from | Koha item type |
|---|---|---|---|---|---|---|---|---|---|---|---|---|---|---|
| No | Dewey Decimal Classification | Library and Documentation Division | Library and Documentation Division | 223.00 | 8U1.042 Z139P | UR000304 | 11/01/2018 | 223.00 | 11/01/2018 | Urdu Books |
